Datum a čas kvízu
22.5
Celkem bodů
Celkový počet nahraných bodů na tomto kvízu bez doplňovacích otázek.
3.
Pořadí na kvízu
Konečné umístění týmu na tomto kvízu.
Zaznamenané odpovědi
| # | Otázka | Odpověď | Body | Výsledky |
|---|---|---|---|---|
| 1. | Čtyři plakáty, lákající občany... | 1 | ||
| 2. | Jak se jmenuje nově zvolená př... | 0 | ||
| 3. | Ze které země pochází dívka, k... | 0 | ||
| 4. | Mladoboleslavská společnost Šk... | 1 | ||
| 5. | Hokejový reprezentační útočník... | 1 | ||
| 6. | Ve kterém severoevropském přís... | 0 | ||
| 7. | Jaltská konference byla jedním... | 0.5 | ||
| 8. | V severoirském přístavním měst... | 0 | ||
| 9. | Jak se jmenuje černohorské pří... | 0 | ||
| 10. | V přístavním italském městě Sa... | 0 |